000 00874cam a22002411i 4500
003 SA-RiAUC
005 20250430055457.0
008 250430s1978 su g d 000 0 ara c
040 _aJO-MaAABU
_bara
_cSA-RiAUC
_erda
043 _aa-su---
082 0 4 _a915.31203
090 _a915.31203
_bب ل ا
100 1 _aالبلادي، عاتق بن غيث بن زوير،
_d1352-1431 هجري
_eمؤلف.
245 1 0 _aمعجم معالم الحجاز /
_cعاتق بن غيث البلادي.
264 1 _aمكة الكرمة :
_bدار مكة،
_c1978
300 _a10 مجلد،
_c24 سم.
336 _aنص
_btxt
_2rdacontent
_3كتاب
337 _aبدون وسيط
_bn
_2rdamedia
338 _aمجلد
_bnc
_2rdacarrier
651 7 _aالحجاز (السعودية)
_vمعاجم جغرافية
_2aucsh
942 _2ddc
_cBOOK
949 _aSA-JeALM
_d250430
_ukhaled123
_n1
999 _c7448
_d7448